|
|
|
|
| LEADER |
00000nam a2200000 a 4500 |
| 001 |
vtls001426046 |
| 003 |
SK-MaSNL |
| 005 |
20260301202608.0 |
| 008 |
240318s1969 xr o 0|00| cze |
| 035 |
|
|
|a SNK000380972
|
| 040 |
|
|
|a SNK
|b slo
|c SNK
|e AACR2
|
| 041 |
0 |
|
|a cze
|
| 072 |
|
7 |
|a 797
|x Vodné športy. Letecké športy
|2 konspekt
|
| 072 |
|
7 |
|a 796
|x Šport. Hry. Telesné cvičenia
|2 konspekt
|
| 080 |
|
|
|a 797
|2 2011
|
| 080 |
|
|
|a 796.071.2
|2 2011
|
| 100 |
1 |
|
|a Pacina, Václav,
|d 1928-2006
|4 aut
|9 104693
|
| 245 |
1 |
0 |
|a Hvězdy nehasnou ve vodě
|c Václav Pacina
|
| 260 |
|
|
|a Praha
|b Olympia
|c 1969
|
| 300 |
|
|
|a 129 s.
|
| 500 |
|
|
|a Prehľad olympijských víťazov
|
| 504 |
|
|
|a Obsahuje bibliografiu
|
| 650 |
0 |
7 |
|a vodné športy
|2 SNKPH
|9 3221
|
| 650 |
0 |
7 |
|a Water sports
|2 SNKPHeng
|9 270814
|
| 650 |
0 |
7 |
|a športovci
|2 SNKPH
|9 1043
|
| 650 |
0 |
7 |
|a Sportsmen
|2 SNKPHeng
|9 315475
|
| 852 |
|
|
|a Štátna vedecká knižnica v Banskej Bystrici
|
| 958 |
|
|
|a OND
|
| 999 |
|
|
|c 899415
|d 901345
|
| 952 |
|
|
|t P60, <04>, [BOOK], {604}
|a SNK
|b SNK
|y VYP
|7 0
|p 17A0323543
|o snkIE 3956 D1
|i snkKIP 5277/69
|0 0
|1 1
|4 0
|d 2001-12-17
|l 0
|r 2005-01-02 00:00:00
|w 2026-02-24
|